| 000 | 00794 a2200253 4500 | ||
|---|---|---|---|
| 001 | 106685 | ||
| 020 | _a9780545741668 | ||
| 041 | _apor | ||
| 090 | _aYear 4 741 | ||
| 092 | _a2014957906 | ||
| 100 | _aHolm, Jennifer L. | ||
| 250 | _a1st ed., September 2015. | ||
| 300 | _a216 p. | ||
| 697 | _aFamily life - Comic books, strips, etc - Fiction. | ||
| 697 | _aFlorida - Comic books, strips, etc - Fiction. | ||
| 697 | _aGraphic novels. | ||
| 697 | _aGrandparent-grandchild relationship - Comic books, strips, etc - Fiction. | ||
| 697 | _aSecrecy - Comic books, strips, etc - Fiction. | ||
| 856 | _u00000f/00000fc2.jpg | ||
| 040 |
_aBR-BrIDEA _cBR-BrIDEA |
||
| 245 | 1 | 0 |
_aSunny side up _c Jennifer L Holm |
| 260 |
_a[S.l.] _bGraphix, an imprint of Scholastic _c2015 |
||
| 942 | _cBK | ||
| 999 |
_c106685 _d106685 |
||